| 000 | 00567nam a2200181 a 4500 | ||
|---|---|---|---|
| 001 | 30 | ||
| 003 | CDMR | ||
| 005 | 20130301134734.0 | ||
| 008 | 130130s1974||||||||||||||||||||||||||||d | ||
| 040 |
_aCDMR _bcat _cCDMR |
||
| 100 | 1 |
_aBruguera i Talleda, Jordi _930 |
|
| 245 | 1 | 0 |
_aQüestions de Vida Cristiana _b: setze anys d'una reflexió cristiana a Catalunya _cJ. Bruguera |
| 260 |
_aBarcelona _c1974 _bPublicacions de l'Abadia de Montserrat |
||
| 300 |
_a160 p ; _c20 cm |
||
| 490 | 0 |
_aQüestions de vida cristiana _v73 |
|
| 500 | _aDedicatoria de l'autor | ||
| 942 |
_cMON _2udc |
||
| 999 |
_c30 _d30 |
||